| 000 | 01656cam a2200349 a 4500 | ||
|---|---|---|---|
| 999 |
_c128096 _d128096 |
||
| 001 | 13592050 | ||
| 003 | ARRUPE | ||
| 005 | 20180904124059.0 | ||
| 008 | 040513s1998 miuab b 000 0 eng d | ||
| 010 | _a 2004299498 | ||
| 020 | _a0879073608 | ||
| 035 | _a(OCoLC)ocm39272126 | ||
| 040 |
_aDWT _cDWT _dLML _dOBE _dDLC |
||
| 042 | _alccopycat | ||
| 043 | _ae-fr--- | ||
| 050 | 0 | 0 |
_aBX2615.C48 _bN48 1998 |
| 245 | 0 | 4 |
_aThe New Monastery : _btexts and studies on the earliest Cistercians / _cedited by E. Rozanne Elder. |
| 260 |
_aKalamazoo, Mich. : _bCistercian Publications, _c1998. |
||
| 300 |
_a241 p. : _bill., maps ; _c22 cm. |
||
| 440 | 0 |
_aCistercian Fathers series ; _vno. 60 _941972 |
|
| 500 | _a"Selected medieval documents ... includes reflections by Cistercians and scholars on the motives and the ideals of the first founders of Citeaux"--P. 4 of cover. | ||
| 500 | _aMaps on p. 2 & 3 of cover. | ||
| 504 | _aIncludes bibliographical references (p. 238). | ||
| 610 | 2 | 0 |
_aAbbaye de Cîteaux _xHistory. _941973 |
| 610 | 2 | 0 |
_aCistercians _xHistory. _941974 |
| 650 | 0 |
_aMonasticism and religious orders _zFrance _xHistory _yMiddle Ages, 600-1500. _941975 |
|
| 700 | 1 |
_aElder, E. Rozanne _q(Ellen Rozanne), _d1940- _912926 |
|
| 856 | 4 | 2 |
_3Contributor biographical information _uhttp://www.loc.gov/catdir/enhancements/fy1401/2004299498-b.html |
| 856 | 4 | 2 |
_3Publisher description _uhttp://www.loc.gov/catdir/enhancements/fy1401/2004299498-d.html |
| 906 |
_a7 _bcbc _ccopycat _d2 _encip _f20 _gy-gencatlg |
||
| 942 |
_2lcc _cMONOGRAPH |
||